000 01170nam a2200277 a 4500
001 44579
003 BD-RjUL
005 20211209053901.0
008 160718s1964 bg ||||| |||| 00| 0 ben d
020 _c: Tk. 3.50
035 _a(BD-RjUL)44697
040 _aBD-RjUL
_bben
_cBD-RjUL
041 _aben
082 _223
_a782.42
_bBAU 1964
245 1 0 _aবাউল গান ও দুদ্দু শাহ্ /
_cবোরহানউদ্দিন খান জাহাঙ্গীর সম্পাদিত
250 _a১ম সং.
260 _aঢাকা :
_bবাংলা একাডেমী,
_c১৯৬৪ (১৩৭১)
300 _a[৪০], ১৭০ পৃ. ;
_c২৪ সেমি.
490 _aলোক-সাহিত্য সংরক্ষণ গ্রন্থমালা ;
_v
600 _aশাহ, দুদ্দু
_d১৮৪১-১৯১৯
_9137094
600 _aShah, Duddu
_d1841-1919
_9137095
650 _aলোকগীতি
_9136771
650 _aFolk songs
_9136772
700 _aজাহাঙ্গীর, বোরহানউদ্দিন খান, সম্পাদক
_9136773
942 _2ddc
_cBK
999 _c44579
_d44579